Polskie miasta z województwem w nazwie cz.3 - Statystyki

Ogólne statystyki
  • Ten quiz został rozwiązany 16 razy
  • Średni wynik to 6 z 10
Statystyki odpowiedzi
Wskazówka Odpowiedź % Poprawnych
Woj. Świętorzyskie Ostrowiec Świętokrzyski
81%
Woj. Śląskie Piekary Śląskie
81%
Woj. Śląskie Siemianowice Śląskie
81%
Woj. Śląskie Ruda Śląska
75%
Woj. Śląskie Wodzisław Śląski
75%
Woj. Podlaskie Bielsk Podlaski
56%
Woj. Opolskie Strzelce Opolskie
56%
Woj. Podlaskie Wysokie Mazowieckie
50%
Woj. Śląskie Miasteczko Śląskie
38%
Woj. Opolskie Gorzów Śląski
25%
Nie znaleziono quizów pasujących do podanych kryteriów
Rozkład punktacji
Procent ludzi z każdym wynikiem
Percentyl według liczby udzielonych odpowiedzi
Twoja historia wyników
Nie rozwiązałeś tego quizu